00700nam a22002057a 450000500170000001000150001702000260003203500140005803700090007208200090008110000360009024500480012625000060017426000340018027000700021430000200028494200200030499900190032495201510034320260601145625.0 aENG-148656 a9789349042872c199.00 aEN-132188 bDBAD aS21 aBurnett, Frances Hodgson987804 aA Little Princess/cFrances Hodgson Burnett a1 aChandigarhbThe Browserc2026 bChandigarhaSCO 14-15, Sector 8-Ce160009mservice@thebrowser.org a175p.c21cm(pb) 2ddccENhSmBUR c216433d216433 001040708FICaRKPbRKPd2026-06-01eDelivery of Books Act Divisiong199.00l0oS BURpEN-132188r2026-06-01 14:56:46t1v199.00w2026-06-01yEN